Welcome to CU Library Online Public Access Catalogue (OPAC)

Organization development and transformation : (Record no. 6044)

MARC details
000 -LEADER
fixed length control field 01435cam a22003494a 4500
001 - CONTROL NUMBER
control field 13403342
003 - CONTROL NUMBER IDENTIFIER
control field OSt
005 - DATE AND TIME OF LATEST TRANSACTION
control field 20250529162625.0
008 - FIXED-LENGTH DATA ELEMENTS--GENERAL INFORMATION
fixed length control field 031114s2005 nyua b 001 0 eng
010 ## - LIBRARY OF CONGRESS CONTROL NUMBER
LC control number 2003067469
020 ## - INTERNATIONAL STANDARD BOOK NUMBER
International Standard Book Number 0072481676 (pbk. : alk. paper)
020 ## - INTERNATIONAL STANDARD BOOK NUMBER
International Standard Book Number 0071112669 (International ed.)
040 ## - CATALOGING SOURCE
Original cataloging agency DLC
Transcribing agency DLC
Modifying agency DLC
042 ## - AUTHENTICATION CODE
Authentication code pcc
050 00 - LIBRARY OF CONGRESS CALL NUMBER
Classification number HD58.8
Item number .O724 2005
082 00 - DEWEY DECIMAL CLASSIFICATION NUMBER
Classification number 658.4/06
Edition information 22
245 00 - TITLE STATEMENT
Title Organization development and transformation :
Remainder of title managing effective change /
Statement of responsibility, etc. [edited by] Wendell L. French, Cecil H. Bell, Jr., Robert A. Zawacki.
250 ## - EDITION STATEMENT
Edition statement 6th ed.
260 ## - PUBLICATION, DISTRIBUTION, ETC.
Place of publication, distribution, etc. New York :
Name of publisher, distributor, etc. McGraw-Hill/Irwin,
Date of publication, distribution, etc. c2005.
300 ## - PHYSICAL DESCRIPTION
Extent x, 506 p. :
Other physical details ill. ;
Dimensions 24 cm.
504 ## - BIBLIOGRAPHY, ETC. NOTE
Bibliography, etc. note Includes bibliographical references and indexes.
650 #0 - SUBJECT ADDED ENTRY--TOPICAL TERM
Topical term or geographic name entry element Organizational change.
700 1# - ADDED ENTRY--PERSONAL NAME
Personal name French, Wendell L.,
Dates associated with a name 1923-
700 1# - ADDED ENTRY--PERSONAL NAME
Personal name Bell, Cecil,
Dates associated with a name 1935-
700 1# - ADDED ENTRY--PERSONAL NAME
Personal name Zawacki, Robert A.
856 42 - ELECTRONIC LOCATION AND ACCESS
Materials specified Publisher description
Uniform Resource Identifier <a href="http://www.loc.gov/catdir/description/mh051/2003067469.html">http://www.loc.gov/catdir/description/mh051/2003067469.html</a>
856 41 - ELECTRONIC LOCATION AND ACCESS
Materials specified Table of contents
Uniform Resource Identifier <a href="http://www.loc.gov/catdir/toc/mh041/2003067469.html">http://www.loc.gov/catdir/toc/mh041/2003067469.html</a>
856 42 - ELECTRONIC LOCATION AND ACCESS
Materials specified Contributor biographical information
Uniform Resource Identifier <a href="http://www.loc.gov/catdir/enhancements/fy0737/2003067469-b.html">http://www.loc.gov/catdir/enhancements/fy0737/2003067469-b.html</a>
906 ## - LOCAL DATA ELEMENT F, LDF (RLIN)
a 7
b cbc
c orignew
d 1
e ocip
f 20
g y-gencatlg
942 ## - ADDED ENTRY ELEMENTS (KOHA)
Source of classification or shelving scheme Library of Congress Classification
Koha item type Books
Suppress in OPAC No
Holdings
Withdrawn status Lost status Source of classification or shelving scheme Damaged status Not for loan Collection Home library Current library Shelving location Date acquired Total checkouts Full call number Barcode Date last seen Copy number Price effective from Koha item type
    Library of Congress Classification     Non-fiction Graduate Library (Christ Temple) Graduate Library (Christ Temple) General stacks 05/29/2025   HD 58.8 ORG GSCT00001394 05/29/2025 1 05/29/2025 Books
    Library of Congress Classification     Non-fiction Graduate Library (Christ Temple) Graduate Library (Christ Temple) General stacks 05/29/2025   HD 58.8 ORG GSCT00001395 05/29/2025 2 05/29/2025 Books
    Library of Congress Classification     Non-fiction Graduate Library (Christ Temple) Graduate Library (Christ Temple) General stacks 05/29/2025   HD 58.8 ORG GSCT00001396 05/29/2025 3 05/29/2025 Books
    Library of Congress Classification     Non-fiction Graduate Library (Christ Temple) Graduate Library (Christ Temple) General stacks 05/29/2025   HD 58.8 ORG GSCT00001397 05/29/2025 4 05/29/2025 Books
© 2023-2024 Copyright: Central University Libraries. All Rights Reserved | Created by: Mahone Tech Office